000 01038nas a2200313 4500
001 BR2020000773
003 BR-BrBNA
005 20231205132106.0
007 ta
008 230509b bl.|||p| |||| 00| 00por d
040 _aBR-BrBNA
_bpor
_cBiblioteca Nacional de Agricultura
041 _a(Pt)
072 _aF03
100 1 _aMarangoni, L.D.
100 1 _aMuniz, M.F.B.
100 1 _aBinotto, R.
100 1 _aGeorgin, J.
100 1 _aMaciel, C.G.
245 1 _aInfluência do teor de umidade na germinação de sementes de Parapiptadenia rigida (Benth.)Brenan
650 _aANGICO VERMELHO
650 _aTESTE DE VIGOR
650 _aFUNGO
650 _aCONDUTIVIDADE ELÉTRICA
773 0 _tNativa. Pesquisas Agrárias e Ambientais (Brazil)
_xISSN 2318-7670
_g(Oct-Dec 2014), v. 2(4) p. 224-228
_wBR2020000773
856 4 0 _uhttps://periodicoscientificos.ufmt.br/ojs/index.php/nativa/article/view/1689
856 4 0 _dLink DSPACE/MAPA BR2020000773
909 _a202311
_bLúcia
_c55
_dLúcia Elande
942 _2AGRIS
_n0
_cANA
999 _c258417
_d258417